Warui yatsu hodo yoku nemuru (Record no. 67622)

MARC details
000 -LEADER
campo de control de longitud fija 03275cgm a2200721Ia 4500
001 - NÚMERO DE CONTROL
campo de control 83550
005 - FECHA Y HORA DE LA ÚLTIMA TRANSACCIÓN
campo de control 20230410123857.0
007 - CAMPO FIJO DE DESCRIPCIÓN FÍSICA--INFORMACIÓN GENERAL
campo de control de longitud fija vd bvaizm
008 - DATOS DE LONGITUD FIJA--INFORMACIÓN GENERAL
campo de control de longitud fija 051123s2006 nyu150 g vljpn d
035 ## - NÚMERO DE CONTROL DEL SISTEMA
Número de control de sistema (OCoLC)ocm62333064
040 ## - FUENTE DE CATALOGACIÓN
Centro catalogador/agencia de origen TEFMT
Centro/agencia transcriptor TEFMT
Centro/agencia modificador RCS
-- LEO
-- BTCTA
-- OCLCA
-- LNQ
-- WAU
-- OCLCA
-- OCLCQ
-- JED
-- GK8
-- CQU
066 ## - JUEGOS/CONJUNTO DE CARACTERES UTILIZADOS/PRESENTES
Juego/conjunto de caracteres alternativo G0 o G1 $1
019 ## -
-- 80145492
020 ## - NÚMERO INTERNACIONAL ESTÁNDAR DEL LIBRO
Número Internacional Estándar del Libro 0780030087
020 ## - NÚMERO INTERNACIONAL ESTÁNDAR DEL LIBRO
Número Internacional Estándar del Libro 9780780030084
024 10 - IDENTIFICADOR DE OTROS ESTÁNDARES
Número estándar o código 037429207529
028 42 - NÚMERO DE EDITOR O DISTRIBUIDOR
Número de editor o de distribuidor BAD040
Fuente Criterion
029 1# - OTRO NÚMERO DE CONTROL DE SISTEMA (OCLC)
Identificador de la biblioteca OCLC AU@
Número de control de sistema 000041044682
035 ## - NÚMERO DE CONTROL DEL SISTEMA
Número de control de sistema (OCoLC)62333064
Número de control cancelado/no válido (OCoLC)80145492
037 ## - FUENTE DE ADQUISICIÓN
Fuente del número de adquisición Midwest Tapes
Nota http://www.midwesttapes.com
041 1# - CÓDIGO DE IDIOMA
Código de lengua del texto/banda sonora o título independiente jpn
Código de lengua del sumario o resumen eng
043 ## - CÓDIGO DE ÁREA GEOGRÁFICA
Código de área geográfica a-ja---
044 ## - CÓDIGO DEL PAÍS DE LA ENTIDAD EDITORA/PRODUCTORA
Código MARC del país nyu
-- ja
050 14 - SIGNATURA TOPOGRÁFICA DE LA BIBLIOTECA DEL CONGRESO
Número de clasificación CM DVD 01213
082 04 - NÚMERO DE LA CLASIFICACIÓN DECIMAL DEWEY
Número de clasificación 791.43/72
Número de edición 22
049 ## - FONDOS LOCALES (OCLC)
Biblioteca depositaria GRAL
245 00 - MENCIÓN DEL TÍTULO
Título Warui yatsu hodo yoku nemuru
Medio [videorecording] /
Mención de responsabilidad, etc. Tåohåo, Kurosawa Purodakushon sakuhin ; seisaku Tanaka Tomoyuki, Kurosawa Akira ; kyakuhon Oguni Hideo ... [et al.] ; kantoku Kurosawa Akira.
246 1# - FORMA VARIANTE DEL TITULO
Texto de visualización Title on disc label:
Título propio/Titulo breve Bad sleep well
260 ## - PUBLICACIÓN, DISTRIBUCIÓN, ETC.
Lugar de publicación, distribución, etc. New York :
Nombre del editor, distribuidor, etc. Criterion Collection,
Fecha de publicación, distribución, etc. [2006]
300 ## - DESCRIPCIÓN FÍSICA
Extensión 1 videodisc (ca. 150 min.) :
Otras características físicas sd., b&w ;
Dimensiones 4 3/4 in. +
Material acompañante/anejo 1 booklet ([14] p. ; 18 cm.)
490 1# - MENCIÓN DE SERIE
Mención de serie The Criterion collection ;
Designación de volumen o secuencia 319
538 ## - NOTA DE DETALLES DEL SISTEMA
Nota de detalles del sistema DVD, NTSC, region 1, widescreen (2.35:1) presentation; Dolby Digital mono, NTSC.
546 ## - NOTA DE IDIOMA
Nota de lengua/lenguaje Japanese dialogue, with optional English subtitles.
511 1# - NOTA DE PARTICIPANTES O INTÉRPRETES
Nota de participantes o intérpretes Mifune Toshiråo, Mori Masayuki, Kagawa Kyåoko, Mihashi Tatsuya, Shimura Takashi, Nishimura Akira, Katåo Takeshi, Fujiwara Kamatari, Sugai Kin, Ryåu Chishåu, Miyaguchi Seiji, Mitsui Kåoji, Sada Yutaka.
508 ## - NOTA DE CRÉDITOS DE CREACIÓN O PRODUCCIÓN
Nota de créditos de creación o producción Cinematography, Aizawa Yuzuru ; art director, Muraki Yoshiråo ; music, Satåo Masaru.
500 ## - NOTA GENERAL
Nota general Originally produced as a motion picture in 1960.
500 ## - NOTA GENERAL
Nota general Special features: a 33-minute documentary on the making of "The bad sleep well"; original theatrical trailer; in booklet: new essays by film critic Chuck Stephens and director Michael Almereyda.
520 ## - RESUMEN, ETC.
Sumario, etc. A young executive hunts down his father's killer. A tale about corruption in the boardrooms of postwar corporate Japan as seen through the rising executive eyes.
650 #0 - PUNTO DE ACCESO ADICIONAL DE MATERIA--TÉRMINO DE MATERIA
Término de materia o nombre geográfico como elemento de entrada Murder
Subdivisión general Investigation
Subdivisión geográfica Japan
Subdivisión de forma Drama.
650 #0 - PUNTO DE ACCESO ADICIONAL DE MATERIA--TÉRMINO DE MATERIA
Término de materia o nombre geográfico como elemento de entrada Corporations
Subdivisión general Corrupt practices
Subdivisión geográfica Japan
Subdivisión de forma Drama.
650 #4 - PUNTO DE ACCESO ADICIONAL DE MATERIA--TÉRMINO DE MATERIA
Término de materia o nombre geográfico como elemento de entrada Cine Japonés (inglés)
655 #0 - TERMINO DE INDIZACIÓN--GENERO/FORMA
Datos o término principal de género/forma Feature films.
655 #0 - TERMINO DE INDIZACIÓN--GENERO/FORMA
Datos o término principal de género/forma Fiction films.
655 #0 - TERMINO DE INDIZACIÓN--GENERO/FORMA
Datos o término principal de género/forma Foreign films.
655 #0 - TERMINO DE INDIZACIÓN--GENERO/FORMA
Datos o término principal de género/forma Thrillers (Motion pictures)
655 #7 - TERMINO DE INDIZACIÓN--GENERO/FORMA
Datos o término principal de género/forma Thriller
Subdivisión de forma Feature.
Fuente del término migfg
700 1# - ENTRADA AGREGADA--NOMBRE PERSONAL
Nombre de persona Kurosawa, Akira,
Fechas asociadas al nombre 1910-1998.
Relación pro
-- drt
700 1# - ENTRADA AGREGADA--NOMBRE PERSONAL
Nombre de persona Oguni, Hideo,
Fechas asociadas al nombre 1904-1996.
Relación aus
700 1# - ENTRADA AGREGADA--NOMBRE PERSONAL
Nombre de persona Tanaka, Tomoyuki,
Fechas asociadas al nombre 1910-1997.
Relación pro
700 1# - ENTRADA AGREGADA--NOMBRE PERSONAL
Nombre de persona Mifune, Toshiråo,
Fechas asociadas al nombre 1920-1997.
Relación act
700 1# - ENTRADA AGREGADA--NOMBRE PERSONAL
Nombre de persona Mori, Masayuki,
Fechas asociadas al nombre 1911-1973.
Relación act
700 1# - ENTRADA AGREGADA--NOMBRE PERSONAL
Nombre de persona Kagawa, Kyåoko.
Relación act
700 1# - ENTRADA AGREGADA--NOMBRE PERSONAL
Nombre de persona Satåo, Masaru.
Relación cmp
710 2# - ENTRADA AGREGADA--NOMBRE DE ENTIDAD CORPORATIVA
Nombre de entidad corporativa o nombre de jurisdicción como elemento de entrada Tåohåo Kabushiki Kaisha.
710 2# - ENTRADA AGREGADA--NOMBRE DE ENTIDAD CORPORATIVA
Nombre de entidad corporativa o nombre de jurisdicción como elemento de entrada Kurosawa Purodakushon.
710 2# - ENTRADA AGREGADA--NOMBRE DE ENTIDAD CORPORATIVA
Nombre de entidad corporativa o nombre de jurisdicción como elemento de entrada Criterion Collection (Firm)
710 2# - ENTRADA AGREGADA--NOMBRE DE ENTIDAD CORPORATIVA
Nombre de entidad corporativa o nombre de jurisdicción como elemento de entrada Image Entertainment (Firm)
830 #0 - PUNTO DE ACCESO ADICIONAL DE SERIE-TÍTULO UNIFORME
Título uniforme Criterion collection (DVD videodiscs) ;
Designación de volumen o secuencia 319.
856 42 - LOCALIZACIÓN Y ACCESO ELECTRÓNICOS
Identificador Uniforme de Recursos <a href="http://www.mrqe.com/lookup?bad+sleep+well">http://www.mrqe.com/lookup?bad+sleep+well</a>
Nota pública Connect to reviews of this title online
938 ## -
-- Baker and Taylor
-- BTCP
-- be2005026156
942 ## - ELEMENTOS DE ENTRADA SECUNDARIOS (KOHA)
Fuente del sistema de clasificación o colocación Clasificación de Library of Congress
Tipo de ítem Koha
994 ## -
-- C0
-- DRFGD
Holdings
Estatus retirado Estado de pérdida Fuente del sistema de clasificación o colocación Estado de daño No para préstamo Biblioteca de origen Biblioteca actual Ubicación en estantería Fecha de adquisición Signatura topográfica completa Código de barras Visto por última vez Tipo de ítem Koha
    Clasificación de Library of Congress     Biblioteca Juan Bosch Biblioteca Juan Bosch Colección Multimedia (Humanidades 4to. Piso) 10/04/2023 CM DVD 01213 00000066919 25/10/2018